000 01353nad a2200385 a 4500
001 MIU01000000000000007427716
003 MiU
005 20231010141325.0
007 cr mnummmmuuuu
008 920323s1991 enkg sb 001 0 eng d
010 _z91011383
020 _z0521372291
020 _z0521378311
024 7 _a2027/heb07582
_2hdl
040 _aMiU
_cMiU
090 _aML410.B42
_b(INTERNET)
100 1 _aDrabkin, William.
_944475
245 1 0 _aBeethoven, Missa solemnis
_h[electronic resource] /
_cWilliam Drabkin.
246 3 0 _aMissa solemnis
300 _axiii, 118 p. :
_bmusic ;
_c22 cm.
490 1 _aCambridge music handbooks
504 _aIncludes bibliographical references (p. 113-115) and index.
600 1 0 _aBeethoven, Ludwig van,
_d1770-1827.
_tMissa solemnis.
_944476
830 0 _aCambridge music handbooks.
_944477
830 0 _aACLS Humanities E-Book.
_944478
856 4 0 _zVolltext
_uhttps://hdl.handle.net/2027/heb07582
942 _cEB
500 _aE-Book-ACLS / Zugriff nur im DHI-Lesesaal
336 _2rdacontent
_btxt
_aText
337 _2rdamedia
_bbc
_aComputermedien
338 _2rdacarrier
_bcr
_aOnline Ressource
264 _aCambridge, [U.K.] ;
_bCambridge University Press,
_cc1991.
041 _aeng
500 _aAmerican Council of Learned Societies/ https://www.humanitiesebook.org/about/
999 _c66896
_d66896